| 000 | 00519nam a22002051c 4500 | ||
|---|---|---|---|
| 001 | a987674581 | ||
| 008 | 151008s2012 gw |||| 000u rus d | ||
| 041 | _arus | ||
| 100 | 1 | _aSultanbekov, Bulat F. | |
| 245 | 0 | 0 |
_aSemen Ignat'ev : _bsvet i teni biografii stalinskogo ministra |
| 264 |
_aKazan' : _bCheter, _c2012 |
||
| 300 | _a253 S. | ||
| 600 | 0 | _aIgnat'ev, Semen D. | |
| 650 | 0 | _aPolitik | |
| 651 | 0 | _aSowjetunion | |
| 942 | _cMG | ||
| 040 | _cRU-10907106 | ||
| 003 | RU-10907106 | ||
| 999 |
_c1855 _d1855 |
||
| 490 | 0 | _a978-5-94113-412-0 | |